| 000 | 00775nam a22002057a 4500 | ||
|---|---|---|---|
| 999 |
_c12702 _d12702 |
||
| 003 | AR-CdUCM | ||
| 008 | 190409b ||||| |||| 00| 0 spa d | ||
| 040 |
_aMUNICIPALIDAD PROVINCIAL DEL CUSCO _cBIBLIOTECA MUNICIPAL DEL CUSCO |
||
| 082 |
_a869.50 / _bV14 |
||
| 100 |
_aValdelomar, Abrahan _910842 |
||
| 245 |
_aEl caballero Carmelo : _bLa ciudad de los Tísicos / |
||
| 260 |
_aLima : _bEdiciones nuevo mundo. |
||
| 300 |
_a133 páginas ; _c17 cm. |
||
| 505 | _aContenido: A mis hermanos José, Roberto y Anfiloquio -- El caballero carmelo -- El vuelo de los cóndores -- Hebaristo, el sauce que murió de amor... | ||
| 650 |
_aObras populares _930702 |
||
| 650 |
_aCesar Vallejo _9978 |
||
| 650 |
_aPopulibros _9404 |
||
| 942 |
_2ddc _cLIBROS |
||
| 945 |
_arjall _d09/04/2019 |
||